000 00364nam a2200145Ia 4500
005 20251222153617.0
008 251222s9999||||xx |||||||||||||| ||spa||
020 _a9789972041587
082 _a343.2/F43
100 _aFerrero, Raúl
245 0 _aLa Reforma Constitucional Pendiente
250 _a2da.ed.
264 _bEditorial Jurídica Grijley
942 _cLIB
999 _c31843
_d31843